| 000 | 00366pab a2200145 454500 | ||
|---|---|---|---|
| 008 | 180718b2006 xxu||||| |||| 00| 0 eng d | ||
| 100 | _aSrivastava, Anupam | ||
| 245 | _aUS-India nuclear negotiations: how equal and reciprocal? | ||
| 260 | _c2006 | ||
| 300 | _ap.4-12. | ||
| 362 | _aJan-Mar | ||
| 650 | _aNuclear weapons | ||
| 773 | _aUSI Journal | ||
| 909 | _a69524 | ||
| 999 |
_c69524 _d69524 |
||